<?xml version="1.0" encoding="UTF-8"?>
<marc:record xmlns:marc="http://www.loc.gov/MARC21/slim">
   <marc:leader>00000nam a2200000 a 4500</marc:leader>
   <marc:datafield ind1="1" ind2=" " tag="100">
      <marc:subfield code="a">Schubert, Ulli</marc:subfield>
      <marc:subfield code="4">aut</marc:subfield>
      <marc:subfield code="e">Verfasser/-in</marc:subfield>
   </marc:datafield>
   <marc:datafield ind1="1" ind2=" " tag="100">
      <marc:subfield code="a">Hardt, Iris</marc:subfield>
      <marc:subfield code="4">aut</marc:subfield>
      <marc:subfield code="e">Verfasser/-in</marc:subfield>
   </marc:datafield>
   <marc:datafield ind1="0" ind2="0" tag="245">
      <marc:subfield code="a">Schülergeschichten</marc:subfield>
   </marc:datafield>
   <marc:datafield ind1="0" ind2="0" tag="245">
      <marc:subfield code="c">Ulli Schubert. Ill. von Iris Hardt</marc:subfield>
   </marc:datafield>
   <marc:datafield ind1=" " ind2="1" tag="264">
      <marc:subfield code="a">Bindlach</marc:subfield>
      <marc:subfield code="b">Loewe</marc:subfield>
      <marc:subfield code="c">2003</marc:subfield>
   </marc:datafield>
   <marc:datafield ind1="1" ind2=" " tag="490">
      <marc:subfield code="a">Lesepiraten</marc:subfield>
   </marc:datafield>
   <marc:datafield ind1="1" ind2=" " tag="520">
      <marc:subfield code="a">Sieben Geschichten aus dem erlebnisreichen Schulalltag. (ab 7) (JE)      In der Klasse herrscht Aufregung. Der Schulzahnarzt hat seinen Besuch angekündigt. Hat Erhan wirklich keine Angst oder tut er nur so? Als Erhan an der Reihe ist und seinen Mund öffnet, fallen dem Zahnarzt vor Schreck die Instrumente aus der Hand. - Tim ist doch der größte Besserwisser aller Zeiten. Bei der Klassenarbeit sitzt Benni ausgerechnet neben Tim, der nie jemanden abschreiben lässt. Doch dieses Mal weiß Benni mehr als Tim und die Situation wird bald prekär. - Sieben kurze, von einander unabhängige Erlebnisse aus dem Schulalltag sollen Kinder, die gerade erst lesen gelernt haben, zum Selberlesen animieren. Eine übersichtliche Textgliederung, große Schrift, einfache Satzstrukturen erleichtern die ersten Leseschritte. Farbenfrohe Illustrationen ergänzen die Geschichten. Empfehlenswertes Lesepiraten-Buch für Kinder ab 7.  *bn* Gabriele Reifinger</marc:subfield>
   </marc:datafield>
   <marc:datafield ind1=" " ind2=" " tag="020">
      <marc:subfield code="a">9783785547809</marc:subfield>
      <marc:subfield code="9">9783785547809</marc:subfield>
   </marc:datafield>
   <marc:datafield ind1=" " ind2=" " tag="041">
      <marc:subfield code="a">ger</marc:subfield>
   </marc:datafield>
   <marc:datafield ind1=" " ind2=" " tag="300">
      <marc:subfield code="a">59 S. : zahlr. Ill.</marc:subfield>
   </marc:datafield>
</marc:record>
